Most Populated Regions of North America and Europe (map) - Statistics

General Stats
  • This quiz has been taken 1,188 times
  • The average score is 23 of 26
Answers on the Map
Answers color-coded by a green-red scale on the quiz's map according to % correct below.
 
Answer Stats
Pop Region % Correct
39 m California
98%
67 m France
97%
83 m Germany
97%
146 m Russia
97%
46 m Spain
97%
28 m Texas
97%
66 m United Kingdom
97%
20 m Florida
96%
60 m Italy
96%
19 m New York
96%
38 m Poland
96%
42 m Ukraine
95%
19 m Romania
91%
10 m Greece
89%
17 m Netherlands
88%
10 m Portugal
85%
11 m Belgium
83%
16 m Mexico
83%
12 m Illinois
81%
14 m Ontario
81%
10 m Sweden
81%
12 m Pennsylvania
79%
11 m Ohio
72%
10 m Czechia
70%
10 m Georgia
69%
10 m North Carolina
59%
No matching quizzes found
Score Distribution
Percent of People with Each Score
Percentile by Number Answered
Your Score History
You have not taken this quiz